Apologeticae sive theologiae fundamentalis pars altera demonstratio catholica
Uloženo v:
| Hlavní autor: | |
|---|---|
| Médium: | Kniha |
| Jazyk: | latina |
| Vydáno: |
Roma
Typis et Sumptibus Ferdinandi Schoeningh
1923
|
| Vydání: | 1a. ed |
| Témata: | |
| Tagy: |
Přidat tag
Žádné tagy, Buďte první, kdo vytvoří štítek k tomuto záznamu!
|
MARC
| LEADER | 00000cam a2200000 a 4500 | ||
|---|---|---|---|
| 001 | UCD0834 | ||
| 003 | CL-VaPUC | ||
| 008 | 151218e19230000it |||||||||||||||||lat|d | ||
| 082 | 0 | 4 | |a 281 |b FEL |2 21 |
| 100 | 0 | |a Felder, Hilarinus |e author |9 583858 | |
| 245 | 1 | 0 | |a Apologeticae sive theologiae fundamentalis pars altera demonstratio catholica |
| 250 | |a 1a. ed | ||
| 300 | |a t | ||
| 942 | |c BK | ||
| 945 | |d 20151218 14:15:00 |a gsalatino | ||
| 260 | |a Roma |b Typis et Sumptibus Ferdinandi Schoeningh |c 1923 | ||
| 650 | 0 | |a Apologética |9 269349 | |
| 650 | 0 | |a Patrística |9 322007 | |
| 650 | 0 | |a Teología fundamental |9 313207 | |
| 583 | |a last modification |c 20151218 14:15:00 |k Rodrigo Vera | ||
| 999 | |c 362271 |d 362269 | ||
| 952 | |0 0 |1 0 |3 erd |4 0 |6 281_000000000000000_FEL_1923 |7 0 |8 P |9 473323 |a BIBTEO |b BIBTES |c TEO_FTES |h t.2 |i 5273714 |o 281 FEL 1923 |p 5273714 |r 2024-01-18 |w 2019-11-24 |y BK |z Catalogado en:20151218 |k ICR | ||